Statistics for Name Disney princess and prince

Click here to take the quiz!

General Stats

  • This quiz has been taken 7 times
  • The average score is 10 of 15

Answer Stats

HintAnswer% Correct
aladdin
86%
ariel
86%
Eric
86%
jasmine
86%
mulan
86%
Aurora
71%
belle
71%
cinderella
71%
snow white
71%
charming
57%
rapunzel
57%
flynn
43%
phillip
43%
the beast
43%
naveen
29%

Score Distribution

Percentile by Number Answered

Percent of People with Each Score

Your Score History

You have not taken this quiz